Statistics for Pittsburgh Neighborhoods - Typing Quiz

Click here to take the quiz!

General Stats

  • This quiz has been taken 55 times
  • The average score is 19 of 90

Answers on the Map

Answers color-coded by a green-red scale on the quiz's map according to % correct below.
 

Answer Stats

Anwer% Correct
Mount Washington
56%
Shadyside
51%
Strip District
49%
North Oakland
44%
North Shore
42%
South Oakland
42%
Southside Flats
37%
East Liberty
35%
Central Oakland
33%
Southside Slopes
33%
Squirrel Hill South
33%
West Oakland
33%
South Shore
30%
Bloomfield
28%
Polish Hill
28%
Squirrel Hill North
28%
Beechview
26%
Point Breeze
26%
Upper Lawrenceville
26%
Allentown
23%
Arlington
23%
Carrick
23%
Garfield
23%
Highland Park
23%
Lower Lawrenceville
23%
Bon Air
21%
Central Business District
21%
Greenfield
21%
Hays
21%
Hazelwood
21%
Manchester
21%
Perry North
21%
Perry South
21%
Summer Hill
21%
Troy Hill
21%
Arlington Heights
19%
Brookline
19%
Central Lawrenceville
19%
East Allegheny
19%
Fairywood
19%
Fineview
19%
Friendship
19%
Middle Hill
19%
Mount Oliver
19%
Overbrook
19%
Upper Hill
19%
Bedford Dwellings
16%
Beltzhoover
16%
Bluff
16%
Brighton Heights
16%
Chateau
16%
East Carnegie
16%
Elliott
16%
Homewood North
16%
Homewood South
16%
Knoxville
16%
Larimer
16%
Marshall-Shadeland
16%
Morningside
16%
Northview Heights
16%
Sheraden
16%
Spring Garden
16%
Stanton Heights
16%
West End
16%
Allegheny West
14%
Banksville
14%
California Kirkbride
14%
Crawford Roberts
14%
Duquesne Heights
14%
East Hills
14%
Esplen
14%
Homewood West
14%
Lincoln-Lemington-Belmar
14%
Lincoln Place
14%
New Homestead
14%
Point Breeze North
14%
Regent Square
14%
Ridgemont
14%
Saint Clair
14%
Terrace Village
14%
Westwood
14%
Allegheny Center
12%
Central Northside
12%
Crafton Heights
12%
Glen Hazel
12%
Oakwood
12%
Spring Hill-City View
12%
Windgap
12%
Chartiers City
9%
Swisshelm Park
9%

Score Distribution

Percentile by Number Answered

Percent of People with Each Score

Your Score History

You have not taken this quiz